[Event "Le Vesinet-Arcueil"]
[Site "Arcueil"]
[Date "2007.11.25"]
[Round "3.5"]
[White "Glod, Philippe"]
[Black "Zeller, Olivier"]
[Result "1/2-1/2"]
[WhiteElo "2177"]
[BlackElo "2006"]
[PlyCount "53"]
[EventDate "2007.11.25"]
[SourceDate "2007.10.24"]

1. e4 d6 2. d4 Nf6 3. Nc3 g6 4. f4 Bg7 5. Nf3 O-O 6. Be3 Na6 7. h3 c5 8. e5 Nd7
9. Bxa6 bxa6 10. dxc5 Nxc5 11. O-O Qc7 12. Nd5 Qb7 13. exd6 exd6 14. Rb1 Be6
15. Nc3 Ne4 16. Bd4 Nxc3 17. bxc3 Qe4 18. Bxg7 Kxg7 19. Qxd6 Bxa2 20. Ra1 Be6
21. Rfe1 Rfd8 22. Qxa6 Qxf4 23. Nd4 Bd5 24. Qe2 Rac8 25. Rf1 Qg3 26. Rxa7 Rxc3
27. Qd2 1/2-1/2

[Event "Le Vesinet-Arcueil"]
[Site "Arcueil"]
[Date "2007.11.25"]
[Round "3.6"]
[White "Debehaigne, Benoit"]
[Black "Imbert, Christophe"]
[Result "0-1"]
[WhiteElo "1929"]
[BlackElo "2130"]
[PlyCount "70"]
[EventDate "2007.11.25"]
[SourceDate "2007.10.24"]

1. e4 e5 2. Nf3 Nc6 3. Bc4 Nf6 4. d3 Be7 5. Nbd2 O-O 6. c3 d6 7. h3 Na5 8. Qe2
Bd7 9. Nf1 Ne8 10. g4 g6 11. Bh6 Ng7 12. Ng3 Re8 13. Rg1 Nxc4 14. dxc4 Ne6 15.
Qe3 b5 16. cxb5 Bxb5 17. Rd1 c6 18. Nf5 Qc7 19. Nxe7+ Qxe7 20. h4 Rad8 21. h5
d5 22. hxg6 hxg6 23. Nd2 d4 24. Qh3 dxc3 25. bxc3 g5 26. c4 Nf4 27. Qh2 Bxc4
28. Rh1 Nd3+ 29. Kf1 Nxf2+ 30. Kxf2 Qf6+ 31. Nf3 Rxd1 32. Rxd1 Rb8 33. Rd2 Rb1
34. Ke3 Rf1 35. Rf2 Qf4+ 0-1

[Event "Le Vesinet-Arcueil"]
[Site "Arcueil"]
[Date "2007.11.25"]
[Round "3.7"]
[White "Millet, Maud"]
[Black "Garcia, Jean Marc"]
[Result "1-0"]
[WhiteElo "1910"]
[BlackElo "1942"]
[PlyCount "95"]
[EventDate "2007.11.25"]
[SourceDate "2007.10.24"]

1. e4 e6 2. d4 d5 3. e5 c5 4. c3 Bd7 5. Nf3 Qb6 6. Bd3 Bb5 7. O-O Bxd3 8. Qxd3
Qa6 9. Qd1 Nc6 10. Nbd2 cxd4 11. cxd4 Qd3 12. Nb3 Qxd1 13. Rxd1 f6 14. Bd2 Kd7
15. Rac1 b6 16. Rc2 Nge7 17. Rdc1 Rc8 18. a4 a5 19. Bc3 Ng6 20. Bxa5 bxa5 21.
Nxa5 Nxa5 22. Rxc8 Nc4 23. R1xc4 dxc4 24. Rxc4 Be7 25. exf6 gxf6 26. Ne1 Rc8
27. Rxc8 Kxc8 28. Nd3 Bd6 29. Kf1 Nf4 30. Nxf4 Bxf4 31. Ke2 Kb7 32. g3 Bc7 33.
Kd3 Ba5 34. Kc4 Be1 35. f3 Kc6 36. g4 Bd2 37. b4 Kb6 38. d5 exd5+ 39. Kxd5 Bxb4
40. Ke6 Bc3 41. Kf7 Be5 42. h4 Ka5 43. Kg7 h5 44. Kg6 hxg4 45. fxg4 Bg3 46. h5
Be5 47. h6 Kxa4 48. Kf5 1-0

[Event "Le Vesinet-Arcueil"]
[Site "Arcueil"]
[Date "2007.11.25"]
[Round "3.8"]
[White "Venkatesan, Valerie"]
[Black "Saglier, Paul"]
[Result "0-1"]
[WhiteElo "1299"]
[BlackElo "1881"]
[PlyCount "62"]
[EventDate "2007.11.25"]
[SourceDate "2007.10.24"]

1. e4 c5 2. d4 cxd4 3. Qxd4 Nc6 4. Qe3 Nf6 5. Nc3 e6 6. Bd2 Be7 7. O-O-O O-O 8.
f4 d5 9. Qe2 Bb4 10. e5 Bxc3 11. Bxc3 Ne4 12. Be1 Bd7 13. Nf3 Rc8 14. h4 b5 15.
Ng5 Nc5 16. Qh5 h6 17. g4 Be8 18. f5 f6 19. Qxh6 gxh6 20. Nf3 fxe5 21. Rg1 e4
22. Nh2 exf5 23. g5 h5 24. Bxb5 Ne5 25. Be2 Ncd3+ 26. Kb1 Nxb2 27. Kxb2 Qb6+
28. Kc1 Rxc2+ 29. Kxc2 Ba4+ 30. Kc1 Rc8+ 31. Kd2 Rc2# 0-1

[Event "Arras-Lille"]
[Site "Henin Beaumont"]
[Date "2007.11.25"]
[Round "3.1"]
[White "Laurent, Bruno"]
[Black "Cappon, John"]
[Result "1-0"]
[WhiteElo "2359"]
[BlackElo "2223"]
[PlyCount "57"]
[EventDate "2007.11.25"]
[SourceDate "2007.10.24"]

1. c4 Nf6 2. Nc3 g6 3. e4 Bg7 4. e5 Ng8 5. d4 c5 6. dxc5 Bxe5 7. Bd2 Nc6 8. Nf3
Bg7 9. g3 Nf6 10. Bg2 O-O 11. O-O Qa5 12. Nb5 Qd8 13. Re1 a6 14. Nc3 d6 15.
cxd6 Qxd6 16. Bg5 Qc5 17. Na4 Qf5 18. Nb6 Be6 19. Nxa8 Rxa8 20. Qe2 Re8 21.
Rac1 Ng4 22. Bf4 Nb4 23. h3 Nxf2 24. Qxf2 Nd3 25. Qb6 Bxb2 26. Rb1 Ba3 27. Qxb7
Nxe1 28. Rxe1 Bxc4 29. Re5 1-0

[Event "Arras-Lille"]
[Site "Henin Beaumont"]
[Date "2007.11.25"]
[Round "3.2"]
[White "Bouhallel, Rabah"]
[Black "Bauduin, Etienne"]
[Result "1/2-1/2"]
[WhiteElo "2287"]
[BlackElo "2307"]
[PlyCount "76"]
[EventDate "2007.11.25"]
[SourceDate "2007.10.24"]

1. d4 e6 2. Nf3 Nf6 3. e3 b6 4. Bd3 Bb7 5. Nbd2 d5 6. O-O Nbd7 7. b3 Bd6 8. Bb2
Ne4 9. c4 O-O 10. Qe2 Qe7 11. cxd5 exd5 12. Rfc1 f5 13. Bb5 Rf6 14. Bxd7 Qxd7
15. Ne5 Bxe5 16. dxe5 Rg6 17. f3 Nc5 18. Nf1 Ba6 19. Qc2 f4 20. Bd4 Nd3 21. Rd1
c5 22. Rxd3 Bxd3 23. Qxd3 cxd4 24. Qxd4 fxe3 25. Nxe3 Rf8 26. f4 Kh8 27. Rd1
Qh3 28. Rf1 Qh4 29. Qxd5 Rh6 30. h3 Rg6 31. Rf3 h6 32. Qe4 Rg3 33. Nf5 Rxf5 34.
Rxg3 Rxf4 35. Qg6 Qe7 36. Rd3 Qc5+ 37. Kh2 Qxe5 38. Qg3 Qf6 1/2-1/2

[Event "Arras-Lille"]
[Site "Henin Beaumont"]
[Date "2007.11.25"]
[Round "3.3"]
[White "Saiboulatov, Danial"]
[Black "Roger, Mehdi"]
[Result "1/2-1/2"]
[WhiteElo "2372"]
[BlackElo "2205"]
[PlyCount "97"]
[EventDate "2007.11.25"]
[SourceDate "2007.10.24"]

1. e4 c5 2. Nf3 d6 3. Bb5+ Bd7 4. Bxd7+ Qxd7 5. O-O Nc6 6. c3 Nf6 7. Re1 e6 8.
d4 cxd4 9. cxd4 d5 10. e5 Ne4 11. Nbd2 Nxd2 12. Bxd2 Be7 13. Rc1 O-O 14. Rc3 f5
15. exf6 Bxf6 16. Bg5 h6 17. Bxf6 Rxf6 18. Rce3 Raf8 19. Qe2 Re8 20. Qd2 Qc7
21. b4 a6 22. a4 Qb6 23. Rb1 Na5 24. Ne5 Nc4 25. Nxc4 dxc4 26. a5 Qd6 27. Re4
Rc8 28. Qc3 b5 29. axb6 Qxb6 30. Re5 Rf4 31. Rd1 Qd6 32. g3 Rf6 33. Rc5 Rxc5
34. bxc5 Qd5 35. Rc1 e5 36. dxe5 Re6 37. Qxc4 Qxc4 38. Rxc4 Rxe5 39. Kg2 Kf7
40. Kf3 Ke7 41. c6 Kd8 42. c7+ Kc8 43. Kf4 Re7 44. Rc6 Rf7+ 45. Ke3 Rf6 46. Rc5
Rf7 47. Rc6 Rf6 48. Rc5 Rf7 49. Rc6 1/2-1/2

[Event "Arras-Lille"]
[Site "Henin Beaumont"]
[Date "2007.11.25"]
[Round "3.4"]
[White "Julve, Philippe"]
[Black "Goasdoue, Vincent"]
[Result "1/2-1/2"]
[WhiteElo "2224"]
[BlackElo "2146"]
[PlyCount "112"]
[EventDate "2007.11.25"]
[SourceDate "2007.10.24"]

1. d4 Nf6 2. c4 g6 3. Nc3 Bg7 4. e4 d6 5. Be2 e5 6. d5 a5 7. g4 h6 8. h4 Nbd7
9. Be3 Nc5 10. f3 b6 11. Nh3 Nh7 12. Qd2 Qxh4+ 13. Nf2 Qe7 14. Bxh6 Qf8 15. Nb5
Na6 16. O-O-O Bd7 17. Nd3 Bxh6 18. Rxh6 Nf6 19. Rdh1 Rxh6 20. Rxh6 Qg7 21. Nc3
Ng8 22. Rh1 f6 23. f4 exf4 24. Qxf4 g5 25. Qh2 O-O-O 26. Qh7 Qxh7 27. Rxh7 Re8
28. Kd2 Kd8 29. a3 Re7 30. Rh8 Rg7 31. b4 axb4 32. axb4 Ke7 33. Ke3 c5 34. dxc6
Be6 35. Nd5+ Bxd5 36. cxd5 Nc7 37. Nf2 Kf8 38. Kd4 Rg6 39. Nd1 Rh6 40. Rxh6
Nxh6 41. Ne3 Ke7 42. Nc4 Na8 43. c7 Nxc7 44. Nxb6 Nf7 45. Nc8+ Kd7 46. Na7 Ne5
47. b5 Na8 48. Nc6 Nb6 49. Kc3 Kc7 50. Nd4 Nbd7 51. Kb4 Kb6 52. Ne6 Nc5 53.
Nxc5 dxc5+ 54. Ka4 Nf7 55. Kb3 Nd6 56. Bd3 Ka5 1/2-1/2

[Event "Arras-Lille"]
[Site "Henin Beaumont"]
[Date "2007.11.25"]
[Round "3.5"]
[White "Andrieux, Pascal"]
[Black "Burgnies, Stephane"]
[Result "1-0"]
[WhiteElo "2219"]
[BlackElo "2164"]
[PlyCount "53"]
[EventDate "2007.11.25"]
[SourceDate "2007.10.24"]

1. e4 e5 2. Nf3 Nc6 3. d4 exd4 4. Nxd4 Nf6 5. Nxc6 bxc6 6. Bd3 d5 7. e5 Nd7 8.
O-O Be7 9. f4 O-O 10. Nd2 Re8 11. Nf3 f6 12. Kh1 Bc5 13. Bd2 Nf8 14. Bc3 Be7
15. Nd4 Bd7 16. Qf3 Qc8 17. Rae1 Kh8 18. b4 a5 19. a3 axb4 20. axb4 Ra3 21. Bb2
Ra2 22. Bc3 Ra3 23. Nb3 Qd8 24. Qh5 g6 25. Qh6 fxe5 26. Rxe5 Kg8 27. f5 1-0

[Event "Arras-Lille"]
[Site "Henin Beaumont"]
[Date "2007.11.25"]
[Round "3.6"]
[White "Israel, Gregory"]
[Black "Stawiarski, Edmond"]
[Result "1/2-1/2"]
[WhiteElo "2165"]
[BlackElo "2122"]
[PlyCount "101"]
[EventDate "2007.11.25"]
[SourceDate "2007.10.24"]

1. d4 Nf6 2. Bg5 c5 3. Bxf6 exf6 4. dxc5 Bxc5 5. e3 d5 6. c3 O-O 7. Bd3 Nc6 8.
Ne2 Ne5 9. Nf4 Nxd3+ 10. Nxd3 Bd6 11. Nd2 Qc7 12. Nb3 a6 13. Nd4 Re8 14. Qf3
Be6 15. a3 Rad8 16. h3 Qd7 17. O-O Bb8 18. Nf4 Qd6 19. Rfd1 Qe5 20. Rac1 Bc8
21. Rc2 Qe4 22. Rcd2 Bc7 23. Nde2 Be6 24. Nd4 Bc8 25. Nde2 Be6 26. Qxe4 dxe4
27. Nxe6 fxe6 28. c4 Rxd2 29. Rxd2 Rd8 30. Rxd8+ Bxd8 31. Kf1 Kf7 32. Ke1 Ke7
33. Kd2 f5 34. b4 Kd6 35. Nc3 Kc6 36. Kc2 Bh4 37. g3 Be7 38. Kb3 b5 39. a4
bxa4+ 40. Nxa4 g5 41. g4 Bd6 42. Nc3 Bh2 43. Ne2 Kd7 44. c5 f4 45. Nc3 fxe3 46.
fxe3 Bg1 47. Nd1 Kc6 48. Kc4 h6 49. Nc3 Bxe3 50. Nxe4 Bf4 51. Nc3 1/2-1/2

[Event "Arras-Lille"]
[Site "Henin Beaumont"]
[Date "2007.11.25"]
[Round "3.7"]
[White "Manet, Eric"]
[Black "Levaux, Christian"]
[Result "0-1"]
[WhiteElo "2026"]
[BlackElo "2091"]
[PlyCount "92"]
[EventDate "2007.11.25"]
[SourceDate "2007.10.24"]

1. e4 e6 2. d4 d5 3. Nc3 Bb4 4. e5 Ne7 5. a3 Bxc3+ 6. bxc3 b6 7. f4 Ba6 8. Bxa6
Nxa6 9. Nf3 Nb8 10. O-O Nbc6 11. a4 Na5 12. Qd3 h5 13. Ba3 g6 14. Nd2 Qd7 15.
Bb4 Nec6 16. Ba3 Rc8 17. Qg3 Ne7 18. Qg5 Nf5 19. Bb4 Nc6 20. Ba3 Ne3 21. Rfc1
Na5 22. Qf6 Rg8 23. Bb4 Nac4 24. Nxc4 Nxc4 25. f5 gxf5 26. Qh6 Qd8 27. Qxh5 Qg5
28. Qxg5 Rxg5 29. Kf2 a5 30. Ba3 Nd2 31. Bb2 Kd7 32. Rg1 Rh8 33. Bc1 Ne4+ 34.
Kf1 Rg6 35. h3 Nxc3 36. Ra3 Ne4 37. Rd3 c5 38. Rb3 Kc6 39. dxc5 Nxc5 40. Ra3
Rh4 41. Kf2 Rc4 42. Ra2 Nxa4 43. Bd2 Nc5 44. Kf3 Ne4 45. Be1 Ng5+ 46. Kf2 Nxh3+
0-1

[Event "Henin Beaumont-Neuville en Ferrain"]
[Site "Henin Beaumont"]
[Date "2007.11.25"]
[Round "3.1"]
[White "Petitcunot, Pierre"]
[Black "Boudrenghien, Francois"]
[Result "1-0"]
[WhiteElo "2383"]
[BlackElo "2121"]
[PlyCount "55"]
[EventDate "2007.11.25"]
[SourceDate "2007.10.24"]

1. e4 d6 2. d4 Nf6 3. Nc3 e5 4. Nge2 Nbd7 5. g3 Be7 6. Bg2 c6 7. a4 b6 8. h3
Qc7 9. O-O O-O 10. g4 Rd8 11. Be3 a6 12. Ng3 Nf8 13. Nf5 Bxf5 14. exf5 exd4 15.
Qxd4 N6d7 16. Qe4 Nb8 17. Bxb6 Qxb6 18. Qxe7 Ra7 19. Qh4 Re8 20. b3 Rae7 21.
Nd1 d5 22. Ne3 Nbd7 23. Rad1 Nf6 24. g5 Ne4 25. Ng4 Kh8 26. f6 Ng6 27. fxg7+
Kxg7 28. Qh6+ 1-0

[Event "Henin Beaumont-Neuville en Ferrain"]
[Site "Henin Beaumont"]
[Date "2007.11.25"]
[Round "3.2"]
[White "Depoorter, Enguerran"]
[Black "Wallart, Adrien"]
[Result "1/2-1/2"]
[WhiteElo "2200"]
[BlackElo "2162"]
[PlyCount "80"]
[EventDate "2007.11.25"]
[SourceDate "2007.10.24"]

1. e4 c5 2. Nf3 d6 3. Bb5+ Nd7 4. d4 Ngf6 5. Nc3 cxd4 6. Qxd4 e5 7. Qd3 h6 8.
O-O Be7 9. Nd2 a6 10. Bxd7+ Bxd7 11. Nc4 Be6 12. Ne3 Rc8 13. b3 O-O 14. a4 Qa5
15. Bb2 Rfd8 16. Rfd1 Bf8 17. Rac1 Qc5 18. Ncd5 Nxd5 19. Nxd5 b5 20. axb5 axb5
21. c3 Ra8 22. Ra1 Rxa1 23. Rxa1 f5 24. b4 fxe4 25. Nf6+ Kf7 26. Nxe4 Qb6 27.
Bc1 Kg8 28. Be3 Qc6 29. Ra7 Rd7 30. Rxd7 Qxd7 31. Nd2 Bf7 32. f3 Qc6 33. h3 d5
34. Nb3 Bg6 35. Qd2 Bd6 36. Na5 Qa8 37. Bf2 e4 38. fxe4 Bxe4 39. Bd4 Bc7 40.
Qe2 Qf8 1/2-1/2

[Event "Henin Beaumont-Neuville en Ferrain"]
[Site "Henin Beaumont"]
[Date "2007.11.25"]
[Round "3.3"]
[White "Fossier, Francois"]
[Black "Bertrand, Xavier"]
[Result "1/2-1/2"]
[WhiteElo "2260"]
[BlackElo "2107"]
[PlyCount "141"]
[EventDate "2007.11.25"]
[SourceDate "2007.10.24"]

1. d4 d5 2. Nf3 e6 3. e3 Nf6 4. Bd3 c5 5. b3 Qc7 6. O-O Nbd7 7. Bb2 Bd6 8. c4
dxc4 9. bxc4 O-O 10. Nbd2 b6 11. d5 Bb7 12. e4 Rae8 13. Re1 e5 14. Nf1 Nh5 15.
Bc2 Ndf6 16. g3 Bc8 17. Nh4 g6 18. Bc1 Ng7 19. Ba4 Bd7 20. Bg5 Bxa4 21. Qxa4
Nd7 22. Rad1 f6 23. Bh6 Rf7 24. Bxg7 Kxg7 25. Ne3 Rd8 26. Rd2 Nb8 27. Rb1 Qc8
28. Qc2 Na6 29. a3 Nc7 30. Kg2 Ne8 31. a4 Kg8 32. h3 Bf8 33. a5 bxa5 34. Rb5
Nd6 35. Rxa5 Rb7 36. Qd3 Qc7 37. Rda2 Rdb8 38. R5a3 Qf7 39. Nf3 Bh6 40. Ng4 Bg7
41. Ra6 Qe7 42. Nd2 h5 43. Ne3 Bh6 44. Qa3 Bxe3 45. Qxe3 Ne8 46. d6 Nxd6 47.
Qxc5 Ne8 48. Qxe7 Rxe7 49. Rxa7 Rxa7 50. Rxa7 Rd8 51. Ra2 Kf7 52. Kf1 Ke6 53.
Ra6+ Rd6 54. Rxd6+ Kxd6 55. Ke2 f5 56. Kd3 Nf6 57. f4 Nd7 58. Nb3 h4 59. gxh4
exf4 60. exf5 gxf5 61. Kd4 Ne5 62. c5+ Ke6 63. Nd2 f3 64. Ke3 f2 65. Kxf2 Nd3+
66. Ke3 Nxc5 67. Kf4 Kf6 68. Nf3 Ne6+ 69. Kg3 Kg6 70. Ne5+ Kh5 71. Nd3 1/2-1/2

[Event "Henin Beaumont-Neuville en Ferrain"]
[Site "Henin Beaumont"]
[Date "2007.11.25"]
[Round "3.4"]
[White "Dessenne, Francois"]
[Black "Friess, Nicolas"]
[Result "0-1"]
[WhiteElo "2080"]
[BlackElo "2199"]
[PlyCount "78"]
[EventDate "2007.11.25"]
[SourceDate "2007.10.24"]

1. e4 e6 2. d4 d5 3. Nd2 Be7 4. Bd3 c5 5. dxc5 Nf6 6. Qe2 O-O 7. Ngf3 a5 8. O-O
Na6 9. Nb3 a4 10. e5 Ne4 11. Nbd4 Nexc5 12. Bf4 Bd7 13. Rfc1 Nxd3 14. cxd3 Qb6
15. Be3 Nc5 16. Rc2 Bb5 17. Nxb5 Qxb5 18. Bxc5 Bxc5 19. d4 Qxe2 20. Rxe2 Bb6
21. Rc2 f6 22. exf6 gxf6 23. Re1 Kf7 24. g3 Rfe8 25. Kg2 h6 26. Nh4 Rac8 27.
Rd2 Ba5 28. Ree2 Bxd2 29. Rxd2 Rc4 30. b3 axb3 31. axb3 Rc3 32. Rb2 Rd3 33. Nf3
Rc8 34. b4 Rcc3 35. Ne1 Rxd4 36. b5 e5 37. Nf3 Rdd3 38. Nh4 Rb3 39. Rc2 Rdc3
0-1

[Event "Henin Beaumont-Neuville en Ferrain"]
[Site "Henin Beaumont"]
[Date "2007.11.25"]
[Round "3.5"]
[White "Van Rompu, Alexandre"]
[Black "Tupet, Guillaume"]
[Result "0-1"]
[WhiteElo "2126"]
[BlackElo "2031"]
[PlyCount "84"]
[EventDate "2007.11.25"]
[SourceDate "2007.10.24"]

1. e4 c5 2. Nf3 Nc6 3. d4 cxd4 4. Nxd4 Nf6 5. Nc3 e5 6. Ndb5 d6 7. Bg5 a6 8.
Na3 b5 9. Nd5 Be7 10. Bxf6 Bxf6 11. c3 O-O 12. Nc2 Rb8 13. Bd3 Bg5 14. Nce3 Be6
15. O-O Bxe3 16. Nxe3 Ne7 17. Re1 a5 18. b3 Qb6 19. c4 b4 20. Qc2 Qc5 21. Rad1
g6 22. Kh1 f5 23. exf5 gxf5 24. f4 e4 25. Bxe4 fxe4 26. Qxe4 Rf6 27. g4 Re8 28.
g5 Rg6 29. f5 Nxf5 30. Nxf5 Bd7 31. Qd5+ Qxd5+ 32. cxd5 Rxe1+ 33. Rxe1 Bxf5 34.
h4 h6 35. Re8+ Kf7 36. Ra8 hxg5 37. hxg5 Rxg5 38. Rxa5 Be4+ 39. Kh2 Rxd5 40.
Ra4 Rd4 41. a3 Ke6 42. Kg3 Bd5 0-1

[Event "Henin Beaumont-Neuville en Ferrain"]
[Site "Henin Beaumont"]
[Date "2007.11.25"]
[Round "3.6"]
[White "Warkentin, Jurgen"]
[Black "Rouze, Xavier"]
[Result "0-1"]
[WhiteElo "1948"]
[BlackElo "2050"]
[PlyCount "98"]
[EventDate "2007.11.25"]
[SourceDate "2007.10.24"]

1. d4 d5 2. Nc3 Nc6 3. f3 e6 4. g3 Nge7 5. Bg2 Nf5 6. e3 Bd6 7. Nge2 Qf6 8. Nb5
e5 9. O-O O-O 10. Nxd6 Qxd6 11. c3 exd4 12. exd4 Re8 13. Qd3 Nce7 14. Bf4 Qb6
15. Kh1 Ng6 16. Rae1 Bd7 17. Bc1 Nd6 18. b3 Bb5 19. Qc2 Re7 20. Rf2 Rae8 21.
Bf1 Qa6 22. a4 Bd3 23. Qd2 Nf5 24. Ng1 Rxe1 25. Bxd3 Qe6 26. Be2 Nxg3+ 27. hxg3
Qh3+ 28. Rh2 Qxg3 29. Rg2 Qh4+ 30. Rh2 R8xe2 31. Qxe2 Rxe2 32. Rxh4 Rc2 33. Rh5
Rxc1 34. Rxd5 Rxc3 35. Rd8+ Nf8 36. Kg2 Rxb3 37. Nh3 f6 38. Nf4 Kf7 39. d5 Ke7
40. Rc8 Rb2+ 41. Kg3 g5 42. Nd3 Rd2 43. Rxc7+ Kd6 44. Rc3 Nd7 45. Nf2 f5 46.
Rc8 h5 47. Rh8 h4+ 48. Kg2 Ne5 49. Kf1 Nxf3 0-1

[Event "Henin Beaumont-Neuville en Ferrain"]
[Site "Henin Beaumont"]
[Date "2007.11.25"]
[Round "3.7"]
[White "Broutin, Philippe"]
[Black "Hennion, David"]
[Result "1-0"]
[WhiteElo "2068"]
[BlackElo "1938"]
[PlyCount "69"]
[EventDate "2007.11.25"]
[SourceDate "2007.10.24"]

1. f4 d5 2. Nf3 e6 3. g3 Nd7 4. Bg2 f5 5. O-O Ngf6 6. b3 Bd6 7. Bb2 O-O 8. e3
c6 9. c4 Qe7 10. d4 b6 11. Ne5 Bb7 12. Nd2 Ne4 13. Nxe4 dxe4 14. Qd2 Rad8 15.
Nxd7 Rxd7 16. Rfd1 Rfd8 17. Qe2 c5 18. a3 Qf8 19. Rd2 cxd4 20. exd4 e5 21. fxe5
Bxe5 22. d5 Qc5+ 23. Kh1 Bxb2 24. Rxb2 Ba6 25. Qd1 b5 26. Rc2 bxc4 27. bxc4
Bxc4 28. Bf1 Rxd5 29. Qe1 Rd1 30. Qxd1 Rxd1 31. Rxd1 Qxa3 32. Bxc4+ Kf8 33. Be2
Qe3 34. Rc7 Qg5 35. Rdd7 1-0

[Event "Henin Beaumont-Neuville en Ferrain"]
[Site "Henin Beaumont"]
[Date "2007.11.25"]
[Round "3.8"]
[White "Warkentin, Sabine"]
[Black "Belafkih, Kimia"]
[Result "1-0"]
[WhiteElo "1768"]
[BlackElo "1480"]
[PlyCount "57"]
[EventDate "2007.11.25"]
[SourceDate "2007.10.24"]

1. d4 d5 2. Nc3 Nf6 3. Bg5 Bf5 4. e3 e6 5. Bd3 Bxd3 6. cxd3 h6 7. Bxf6 Qxf6 8.
Nf3 Bd6 9. O-O O-O 10. e4 dxe4 11. dxe4 Qg6 12. Qb3 b6 13. e5 Be7 14. d5 Nd7
15. Rad1 Nc5 16. Qc4 Rac8 17. b4 Nd7 18. dxe6 Nb8 19. exf7+ Qxf7 20. Nd5 Bg5
21. Nxg5 hxg5 22. Ne7+ Kh8 23. Qxf7 Rxf7 24. Nxc8 a6 25. Rd8+ Kh7 26. e6 Rf6
27. e7 Re6 28. e8=Q Rxe8 29. Rxe8 1-0

[Event "Franconville-Le Touquet"]
[Site "Henin Beaumont"]
[Date "2007.11.25"]
[Round "3.1"]
[White "Debray, Christopher"]
[Black "Harmen, Jonkman"]
[Result "0-1"]
[WhiteElo "2380"]
[BlackElo "2421"]
[PlyCount "90"]
[EventDate "2007.11.25"]
[SourceDate "2007.10.24"]

1. e4 e5 2. Nf3 Nc6 3. d4 exd4 4. Nxd4 Qf6 5. Nb5 Bb4+ 6. N1c3 Ba5 7. Bd2 Nge7
8. Nd5 Bxd2+ 9. Qxd2 Nxd5 10. exd5 Qxb2 11. Rd1 O-O 12. dxc6 Re8+ 13. Be2 Qxb5
14. cxd7 Bxd7 15. Kf1 Qe5 16. f4 Qe6 17. Bf3 Bc6 18. Bxc6 Qxc6 19. Kf2 Qc5+ 20.
Kf3 Qh5+ 21. Kg3 Qg6+ 22. Kf2 Qb6+ 23. Kf3 Qc6+ 24. Kf2 Re4 25. Rhe1 Rae8 26.
Rxe4 Qxe4 27. Rb1 c5 28. Rb3 c4 29. Ra3 a6 30. Rf3 f5 31. g3 h6 32. Re3 Qc6 33.
Rxe8+ Qxe8 34. Qd5+ Qf7 35. Qxf7+ Kxf7 36. Ke3 Ke6 37. Kd4 b5 38. Kc5 g5 39.
Kb6 gxf4 40. gxf4 Kd5 41. Kxa6 Kc5 42. Ka5 c3 43. Ka6 Kb4 44. h3 Ka4 45. Kb6
Kb4 0-1

[Event "Franconville-Le Touquet"]
[Site "Henin Beaumont"]
[Date "2007.11.25"]
[Round "3.2"]
[White "Roeder, Mathias"]
[Black "Jacquet, Francois"]
[Result "1/2-1/2"]
[WhiteElo "2452"]
[BlackElo "2219"]
[PlyCount "94"]
[EventDate "2007.11.25"]
[SourceDate "2007.10.24"]

1. Nf3 Nf6 2. c4 c6 3. Nc3 d5 4. e3 e6 5. b3 Nbd7 6. Qc2 Bd6 7. Bb2 O-O 8. Be2
Qe7 9. O-O dxc4 10. bxc4 e5 11. d3 Re8 12. Rfe1 Nf8 13. Nd2 Ng6 14. h3 Bc7 15.
a4 h6 16. Ba3 Qe6 17. Nb3 Nh4 18. Bf1 Qf5 19. Ne4 Qg6 20. Nxf6+ gxf6 21. Kh1
Kh8 22. Qe2 Bxh3 23. gxh3 h5 24. f4 Rg8 25. Qf2 Nf3 26. Bg2 Nxe1 27. Rxe1 Qxd3
28. Be7 Bd8 29. Bxd8 Raxd8 30. fxe5 Rg6 31. Nc5 Qc3 32. Ne4 Qxe5 33. c5 Rdg8
34. Nd6 R8g7 35. Rg1 Qxc5 36. Nf5 Rg8 37. Nh4 Rh6 38. Nf5 Rhg6 39. Qf3 Rg5 40.
Nh6 R8g7 41. Qxf6 Qc4 42. Nf5 Rxg2 43. Nxg7 Rxg1+ 44. Kxg1 Qc1+ 45. Kf2 Qd2+
46. Kf3 Qd1+ 47. Kf2 Qd2+ 1/2-1/2

[Event "Franconville-Le Touquet"]
[Site "Henin Beaumont"]
[Date "2007.11.25"]
[Round "3.3"]
[White "Appendino, Jerome"]
[Black "D'Costa, Lorin"]
[Result "1/2-1/2"]
[WhiteElo "2177"]
[BlackElo "2395"]
[PlyCount "138"]
[EventDate "2007.11.25"]
[SourceDate "2007.10.24"]

1. e4 c5 2. Nf3 e6 3. d4 cxd4 4. Nxd4 a6 5. c4 Nf6 6. Nc3 Bb4 7. Bd3 Nc6 8. Nc2
Bxc3+ 9. bxc3 d5 10. cxd5 exd5 11. exd5 Qxd5 12. O-O O-O 13. c4 Qa5 14. Bd2 Qc7
15. Ne3 Rd8 16. Bc3 Qf4 17. g3 Qh6 18. Bxf6 Qxf6 19. Nd5 Qd4 20. Qc2 h6 21. Be4
Qc5 22. Rfd1 Rb8 23. Rac1 Bg4 24. Rd2 Re8 25. Qd3 Rbc8 26. Ne3 Ne5 27. Qd5 Qxd5
28. Bxd5 Nf3+ 29. Bxf3 Bxf3 30. Rb1 Bc6 31. Rbd1 g6 32. Rd6 Kg7 33. Kf1 Re5 34.
h4 Bf3 35. R1d4 Ra5 36. Rf4 Bc6 37. Rd2 Re8 38. Rfd4 Ree5 39. Rd6 Ra3 40. Nd5
Re4 41. Ne3 h5 42. R6d3 Ra4 43. Rc3 Re5 44. Ke1 Be4 45. Rb3 Bf3 46. Rc3 Rb4 47.
Rc1 Rc5 48. Rd4 Ra4 49. Ra1 Rca5 50. Rd2 Ra3 51. Rc2 Rd3 52. Rd2 Raa3 53. Rxd3
Rxd3 54. Rb1 Kf8 55. Rb2 Ke7 56. Rb3 Be4 57. Rxd3 Bxd3 58. Kd2 Bb1 59. a3 Kd6
60. Kc3 Ke5 61. Nf1 Be4 62. f4+ Kd6 63. Kd4 Bf5 64. Nd2 Kc6 65. Nb3 Bc2 66. Nd2
Kd6 67. Nf1 Bf5 68. Nd2 Kc6 69. Nb3 Bc2 1/2-1/2

[Event "Franconville-Le Touquet"]
[Site "Henin Beaumont"]
[Date "2007.11.25"]
[Round "3.4"]
[White "Therkildsen, Thomas"]
[Black "Abouan, Stephane"]
[Result "1-0"]
[WhiteElo "2298"]
[BlackElo "2050"]
[PlyCount "121"]
[EventDate "2007.11.25"]
[SourceDate "2007.10.24"]

1. e4 c5 2. c3 Nf6 3. e5 Nd5 4. d4 cxd4 5. Nf3 e6 6. cxd4 d6 7. Bc4 Nb6 8. Bb5+
Bd7 9. Nc3 Bxb5 10. Nxb5 dxe5 11. dxe5 Qxd1+ 12. Kxd1 Nd5 13. Bd2 a6 14. Nbd4
Nd7 15. Ke2 Bc5 16. Nb3 Bb6 17. Rhc1 O-O 18. Rc4 Rac8 19. Rac1 Rxc4 20. Rxc4
Bc7 21. Nc5 Nxc5 22. Rxc5 Bb6 23. Rc4 h6 24. Bc1 Rd8 25. Nd2 Rd7 26. Ne4 Rc7
27. Rxc7 Bxc7 28. Nc5 Bxe5 29. Nxb7 Nb4 30. Bd2 Nc6 31. b4 Bd4 32. f3 Kf8 33.
Kd3 Ke7 34. a3 Kd7 35. Bc3 Bxc3 36. Kxc3 Kc7 37. Nc5 Kb6 38. Nd7+ Kc7 39. Nc5
Kb6 40. Na4+ Kb5 41. Nb2 Kb6 42. a4 Ne5 43. f4 Ng4 44. Nc4+ Ka7 45. Nd6 Ne3 46.
g3 f6 47. Kd4 Nc2+ 48. Kc5 e5 49. fxe5 fxe5 50. b5 axb5 51. axb5 Nd4 52. Kd5
Nf3 53. Kc6 Nd4+ 54. Kd5 Nf3 55. h4 g5 56. h5 Kb6 57. Nf5 Kxb5 58. Nxh6 Nh2 59.
Kxe5 Kc5 60. Nf7 Ng4+ 61. Kf5 1-0

[Event "Franconville-Le Touquet"]
[Site "Henin Beaumont"]
[Date "2007.11.25"]
[Round "3.5"]
[White "Barthes, Christian"]
[Black "Maitesian, Sergei"]
[Result "0-1"]
[WhiteElo "2118"]
[BlackElo "2283"]
[PlyCount "116"]
[EventDate "2007.11.25"]
[SourceDate "2007.10.24"]

1. Nf3 g6 2. c4 Bg7 3. d4 d5 4. Nc3 Nf6 5. Bf4 O-O 6. e3 c5 7. cxd5 Nxd5 8. Be5
Nxc3 9. bxc3 Qa5 10. Qd2 Nc6 11. Bxg7 Kxg7 12. Bc4 Bg4 13. Be2 Rfd8 14. h3 Bf5
15. O-O cxd4 16. exd4 e5 17. Qb2 exd4 18. cxd4 Qb4 19. Qxb4 Nxb4 20. Rfd1 Rac8
21. Rd2 Rc2 22. Rxc2 Nxc2 23. Rd1 Be4 24. Kf1 b6 25. Rd2 Bxf3 26. Rxc2 Bxe2+
27. Kxe2 Rxd4 28. Ke3 Ra4 29. Kd3 h5 30. Kc3 h4 31. Kb3 b5 32. Rc5 a6 33. Rd5
Kf6 34. a3 Ke6 35. Rd3 Rf4 36. Rd2 g5 37. Re2+ Kf5 38. Kb2 Re4 39. Rd2 Kf4 40.
Kb3 f5 41. Rd3 Ke5 42. Rd8 Rf4 43. Re8+ Kf6 44. f3 Rd4 45. Re2 Rc4 46. Re8 a5
47. Rb8 a4+ 48. Kb2 Rc5 49. Re8 Re5 50. Rb8 Re2+ 51. Kc3 Rxg2 52. Rxb5 Rg3 53.
Rb6+ Ke5 54. Rb5+ Kf4 55. Kb4 Rxh3 56. Kxa4 Rxf3 57. Kb4 h3 58. Rc5 Rf1 0-1